| 000 | 00497nam a22001937a 4500 | ||
|---|---|---|---|
| 003 | KOHA_MİRAKIL | ||
| 005 | 20251111112138.0 | ||
| 008 | 251111b tu ||||| |||| 00| 0 tur d | ||
| 020 | _a9755332766 | ||
| 040 |
_aTR-AnABB _btur _cTR-AnABB |
||
| 041 | _atur | ||
| 082 |
_a823.914 _bOKR 2000 |
||
| 100 | 1 | _aOkri, Ben, | |
| 245 | 1 | 0 |
_aAç yol / _cBen Okri |
| 260 |
_aAnkara : _bPelin Ofset, |
||
| 300 |
_a576 sayfa ; _c20 cm |
||
| 650 | 0 | 4 | _aNijerya edebiyatı, roman |
| 942 |
_2ddc _cBK |
||
| 999 |
_c9338 _d9338 |
||
| 900 | _bGizem YORULMAZ | ||